000 00351nam a2200145Ia 4500
008 230917s9999||||xx |||||||||||||| ||und||
040 _e137324
_aMAIN
041 _aEnglish
082 _a658.409 B419H
100 _aBenton, D A
245 0 _aHow to act like a CEO
260 _aNew Delhi
_bTata McGraw-Hill
_c2003
300 _a203 p.
942 _cBK
999 _c120116
_d120116